Silva de romances viejos / (Record no. 187631)
[ view plain ]
| 000 -LEADER | |
|---|---|
| campo de control de longitud fija | 01187nam a2200277 i 4500 |
| 001 - NÚMERO DE CONTROL | |
| campo de control | 187631 |
| 003 - IDENTIFICADOR DE NÚMERO DE CONTROL | |
| campo de control | ES-MaACL |
| 005 - FECHA Y HORA DE LA ÚLTIMA TRANSACCIÓN | |
| campo de control | 20240607104417.0 |
| 008 - DATOS DE LONGITUD FIJA--INFORMACIÓN GENERAL | |
| campo de control de longitud fija | 171211s2016 sp |||| |dspa d |
| 020 ## - NÚMERO INTERNACIONAL ESTÁNDAR DEL LIBRO | |
| Número Internacional Estándar del Libro | 978-84-616-9269-9 |
| 080 ## - NÚMERO DE LA CLASIFICACIÓN DECIMAL UNIVERSAL | |
| Número de la Clasificación Decimal Universal | 821.134.2-1(082.2) |
| 245 00 - MENCIÓN DEL TÍTULO | |
| Título | Silva de romances viejos / |
| Mención de responsabilidad, etc. | Jacobo Grimm ; prólogo y notas de José J. Labrador Herraiz, Ralph A. Di Franco ; biografía de Jacobo Grimm por José Manuel Pedrosa ; estudio de Vicenç Beltrán. |
| 260 ## - PUBLICACIÓN, DISTRIBUCIÓN, ETC. | |
| Lugar de publicación, distribución, etc. | México D.F. : |
| Nombre del editor, distribuidor, etc. | Frente de Afirmación Hispanista A.C., |
| Fecha de publicación, distribución, etc. | 2016. |
| 300 ## - DESCRIPCIÓN FÍSICA | |
| Extensión | 601 p. ; |
| Dimensiones | 17 cm. |
| 504 ## - NOTA DE BIBLIOGRAFÍA, ETC. | |
| Nota de bibliografía, etc. | Bibliografía: p. 417-595. |
| 534 ## - NOTA SOBRE LA VERSIÓN ORIGINAL | |
| Frase introductoria | Reproducción de la edición: |
| Publicación, distribución, etc. del original | Vienna de Austria: en casa de Jacobo Mayer y comp. , 1815. |
| 700 1# - ENTRADA AGREGADA--NOMBRE PERSONAL | |
| Nombre de persona | Grimm, Jacob ( |
| Fechas asociadas al nombre | 1785-1863) |
| 9 (RLIN) | 60060 |
| 700 1# - ENTRADA AGREGADA--NOMBRE PERSONAL | |
| Nombre de persona | Labrador Herraiz, José J. |
| 9 (RLIN) | 69288 |
| 700 1# - ENTRADA AGREGADA--NOMBRE PERSONAL | |
| Nombre de persona | DiFranco, Ralph A. |
| 9 (RLIN) | 44793 |
| 700 1# - ENTRADA AGREGADA--NOMBRE PERSONAL | |
| Nombre de persona | Pedrosa, José Manuel. |
| 9 (RLIN) | 89946 |
| 700 1# - ENTRADA AGREGADA--NOMBRE PERSONAL | |
| Nombre de persona | Beltrán, Vicenç, |
| Fechas asociadas al nombre | 1948- |
| 9 (RLIN) | 27350 |
| 852 ## - LOCALIZACIÓN | |
| Ubicación | ES-MaACL |
| Número de control de estantería | A-14127 |
| itemnumber | 194717 |
| Sublocalización o colección | R.151173 |
| Ubicación en estantería | Depósito 1 |
| Signatura antigua | Olim: N-7127 |
| Donativo/Legado | Donación: José J. Labrador Herraiz |
| 903 ## - NOMBRE PERSONAL DE DONANTE | |
| 9 | 69288 |
| a | Labrador Herraiz, José J. |
| e | Donante |
| 942 ## - ELEMENTOS DE ENTRADA SECUNDARIOS (KOHA) | |
| Fuente del sistema de clasificación o colocación | Clasificación decimal universal |
| Tipo de ítem Koha | Libro impreso |
| Estatus retirado | Estado de pérdida | Fuente del sistema de clasificación o colocación | Estado de daño | No para préstamo | Biblioteca de origen | Biblioteca actual | Ubicación en estantería | Fecha de adquisición | Fuente de adquisición | Total de préstamos | Signatura topográfica completa | Código de barras | Visto por última vez | Precio de reemplazo | Tipo de ítem Koha |
|---|---|---|---|---|---|---|---|---|---|---|---|---|---|---|---|
| Clasificación decimal universal | Biblioteca del Ateneo de Madrid | Biblioteca del Ateneo de Madrid | Depósito 1 | 11/12/2017 | Donación | A-14127 | 1198181 | 23/02/2023 | 23/02/2023 | Libro impreso |
